Unos años en la vida y reflejos de la personalidad del "Inquisidor de las Brujas" / (Record no. 7796)
[ view plain ]
| 000 -LEADER | |
|---|---|
| campo de control de longitud fija | 01119nam a2200289 i 4500 |
| 001 - NÚMERO DE CONTROL | |
| campo de control | 7796 |
| 003 - IDENTIFICADOR DE NÚMERO DE CONTROL | |
| campo de control | ES-MaACL |
| 005 - FECHA Y HORA DE LA ÚLTIMA TRANSACCIÓN | |
| campo de control | 20250805063219.0 |
| 007 - CAMPO FIJO DE DESCRIPCIÓN FÍSICA--INFORMACIÓN GENERAL | |
| campo de control de longitud fija | t| |
| 008 - DATOS DE LONGITUD FIJA--INFORMACIÓN GENERAL | |
| campo de control de longitud fija | 910511s1981 sp ||||1| spa d |
| 017 ## - NÚMERO DE COPYRIGHT O DE DEPÓSITO LEGAL | |
| Número de copyright o de depósito legal | S 484-1981 |
| Agencia que asigna | Oficina Depósito Legal Salamanca |
| 020 ## - NÚMERO INTERNACIONAL ESTÁNDAR DEL LIBRO | |
| Número Internacional Estándar del Libro | 84-00-04919-5 |
| 080 ## - NÚMERO DE LA CLASIFICACIÓN DECIMAL UNIVERSAL | |
| Número de la Clasificación Decimal Universal | 929 Salazar y Frías, Alonso de |
| 100 1# - ENTRADA PRINCIPAL--NOMBRE DE PERSONA | |
| Nombre de persona | Coronas Tejada, Luis, |
| Fechas asociadas al nombre | 1928-2021 |
| Término indicativo de función/relación | Autor |
| 9 (RLIN) | 40688 |
| 245 15 - MENCIÓN DEL TÍTULO | |
| Título | Unos años en la vida y reflejos de la personalidad del "Inquisidor de las Brujas" / |
| Mención de responsabilidad, etc. | Luis Coronas Tejada |
| 260 ## - PUBLICACIÓN, DISTRIBUCIÓN, ETC. | |
| Lugar de publicación, distribución, etc. | Jaén : |
| Nombre del editor, distribuidor, etc. | Instituto de Estudios Giennenses, |
| Fecha de publicación, distribución, etc. | 1981 |
| 300 ## - DESCRIPCIÓN FÍSICA | |
| Extensión | 118 páginas : |
| Otras características físicas | ilustraciones ; |
| Dimensiones | 21 cm |
| 490 1# - MENCIÓN DE SERIE | |
| Mención de serie | Libros de bolsillo (Instituto de Estudios Giennenses) ; |
| Designación de volumen o secuencia | 4 |
| RLIN | 241572 |
| 500 ## - NOTA GENERAL | |
| Nota general | Índice |
| 600 14 - PUNTO DE ACCESO ADICIONAL DE MATERIA--NOMBRE DE PERSONA | |
| Nombre de persona | Salazar y Frías, Alonso de, |
| Fechas asociadas al nombre | 1564-1635 |
| 9 (RLIN) | 101800 |
| 710 2# - ENTRADA AGREGADA--NOMBRE DE ENTIDAD CORPORATIVA | |
| Nombre de entidad corporativa o nombre de jurisdicción como elemento de entrada | Instituto de Estudios Giennenses |
| Término indicativo de función/relación | Editor |
| 9 (RLIN) | 4904 |
| 830 #0 - PUNTO DE ACCESO ADICIONAL DE SERIE-TÍTULO UNIFORME | |
| Título uniforme | Libros de bolsillo (Instituto de Estudios Giennenses) ; |
| Designación de volumen o secuencia | 4 |
| 9 (RLIN) | 241572 |
| 852 ## - LOCALIZACIÓN | |
| Ubicación | ES-MaACL |
| Sublocalización o colección | R.119451 |
| Ubicación en estantería | Depósito 2 |
| Número de control de estantería | L-15045 |
| 942 ## - ELEMENTOS DE ENTRADA SECUNDARIOS (KOHA) | |
| Fuente del sistema de clasificación o colocación | Clasificación decimal universal |
| Tipo de ítem Koha | Libro impreso |
| Suprimir en OPAC | No |
| Estatus retirado | Estado de pérdida | Estado de daño | No para préstamo | Biblioteca de origen | Biblioteca actual | Ubicación en estantería | Fecha de adquisición | Fuente de adquisición | Total de préstamos | Signatura topográfica completa | Código de barras | Visto por última vez | Precio de reemplazo | Tipo de ítem Koha |
|---|---|---|---|---|---|---|---|---|---|---|---|---|---|---|
| Biblioteca del Ateneo de Madrid | Biblioteca del Ateneo de Madrid | Depósito 2 | 17/01/2008 | L-15045 | 1007952 | 23/02/2023 | 23/02/2023 | Libro impreso |
